The Oxford 5000 - Letter S - Translate from Polish to English - Statystyki

Ogólne statystyki
  • Ten quiz został rozwiązany 14 razy
  • Średni wynik to 54 z 213
Statystyki odpowiedzi
Polish Angielski % Poprawnych
święty/święta (rzeczownik) saint
100%
sankcja sanction
80%
satysfakcja, zadowolenie satisfaction
80%
skandal scandal
80%
segment segment
80%
wybiórczy, selektywny selective
80%
seminarium seminar
80%
doznanie, sensacja sensation
80%
sentyment, nastrój, odczucie sentiment
80%
oddzielenie, separacja separation
80%
seksualność sexuality
80%
seksowny sexy
80%
symulować, udawać simulate
80%
symulacja simulation
80%
czaszka skull
80%
socjalistyczny socialist
80%
solidarność solidarity
80%
solowy / solo solo
80%
spam spam
80%
specjalizować się specialize
80%
poświęcenie, ofiara / poświęcać (się) sacrifice
60%
przestraszyć / strach scare
60%
drapać, skrobać, porysować / zadrapanie, rysa scratch
60%
po drugie secondly
60%
seryjny serial
60%
w kształcie (czegoś), ukształtowany shaped
60%
szokujący shocking
60%
krótkoterminowy short-term
60%
grzech sin
60%
pominąć, opuścić skip
60%
niewolnictwo slavery
60%
slogan slogan
60%
tak zwany so-called
60%
jakoś, w pewien sposób somehow
60%
specyfikacja specification
60%
spektrum spectrum
60%
spekulować speculate
60%
spekulacja speculation
60%
kręgosłup, grzbiet (książki) spine
60%
stabilność stability
60%
sukcesja/dziedziczenie, ciąg/seria (wydarzeń) succession
60%
super, świetny super
60%
przetrwanie survival
60%
symboliczny symbolic
60%
systematyczny systematic
60%
scenariusz scenario
40%
badacz, naukowiec, uczony, stypendysta scholar
40%
stypendium scholarship
40%
pieczętować, uszczelniać / pieczęć, foka seal
40%
świecki secular
40%
rzadko seldom
40%
wrażliwość, czułość sensitivity
40%
osada, ugoda, porozumienie settlement
40%
osadnik settler
40%
rodzeństwo (brat lub siostra) sibling
40%
podpis signature
40%
położony, usytuowany situated
40%
rozbić, zmiażdżyć smash
40%
wyrafinowany, wyszukany, zaawansowany sophisticated
40%
spektakularny spectacular
40%
sfera, kula(bryłę geometryczną) sphere
40%
przyprawa spice
40%
kręcić (się) / obrót spin
40%
stojący, stały standing
40%
głodować starve
40%
para steam
40%
stereotyp stereotype
40%
stymulować, pobudzać stimulate
40%
strategiczny strategic
40%
strukturalny structural
40%
subskrybent subscriber
40%
subskrypcja subscription
40%
zastępstwo, podstawienie, zastąpienie substitution
40%
subtelny subtle
40%
przedmieście suburb
40%
samobójstwo suicide
40%
suplement, dodatek / uzupełniać supplement
40%
poddać się, oddać surrender
40%
miecz sword
40%
syndrom, zespół (chorobowy) syndrome
40%
rozproszony, rozsiany scattered
20%
przykręcać / śruba screw
20%
poszukiwacz seeker
20%
udziałowiec, akcjonariusz shareholder
20%
roztrzaskać, zrujnować(przenośnie) shatter
20%
brzeg (morza, jeziora) shore
20%
kurczyć się, maleć shrink
20%
chodnik sidewalk
20%
sceptyczny skeptical
20%
wykwalifikowany, zręczny skilled
20%
uderzyć w twarz, spoliczkować slap
20%
kiedyś sometime
20%
suwerenność sovereignty
20%
zapasowy, wolny / szczędzić spare
20%
specjalistyczny specialized
20%
widowisko spectacle
20%
zaklęcie, czar, krótki okres spell
20%
rozlać, rozsypać(coś sypkiego) spill
20%
sponsoring sponsorship
20%
światło reflektorów, centrum uwagi, centrum zainteresowania spotlight
20%
szpieg / szpiegować spy
20%
stabilizować (się) stabilize
20%
dział (w firmie/interesie), stawkę (w grze hazardowej), palik/kołek (w ogrodzie) stake
20%
statystyczny statistical
20%
kierować, sterować steer
20%
bodziec stimulus
20%
oszałamiający stunning
20%
uległość, zgłoszenie (np. dokumentów) submission
20%
ssać, być do kitu (potocznie) suck
20%
cierpienie suffering
20%
wystarczający sufficient
20%
wystarczająco sufficiently
20%
szczyt summit
20%
nadzorować supervise
20%
nadzór supervision
20%
przełożonego, kierownika, nadzorcę, promotor supervisor
20%
tłumić (np. bunt, emocje) suppress
20%
najwyższy, naczelny supreme
20%
chirurg surgeon
20%
chirurgiczny surgical
20%
zawiesić suspend
20%
podejrzliwy, podejrzany suspicious
20%
synteza synthesis
20%
święty, sakralny sacred
0%
wzgląd sake
0%
głos, prawo głosu say
0%
zakres, zasięg scope
0%
projekcja, badanie przesiewowe screening
0%
szczegółowe badanie, analiza scrutiny
0%
pozornie, na pozór seemingly
0%
chwytać, konfiskować, przejmować seize
0%
konfiguracja, układ setup
0%
poważnie, ciężko, surowo severely
0%
zrzucać (np. skórę, liście), rzucać (światło), szopa shed
0%
czysty, zwykły, stromy sheer
0%
wysyłka, żegluga shipping
0%
pęd (rośliny), sesja zdjęciowa/filmowa shoot
0%
niedobór, brak shortage
0%
wkrótce shortly
0%
wzruszyć ramionami shrug
0%
wzdychać / westchnienie sigh
0%
znaczenie, istotność significance
0%
jednocześnie simultaneously
0%
szkic, szkicować sketch
0%
trzasnąć, ostro skrytykować slam
0%
rozciąć, drastycznie ciąć (np. koszty) slash
0%
szczelina, okienko (czasowe) slot
0%
pękać, trzaskać, warczeć (na kogoś), zatrzaskiwać się snap
0%
moczyć (się), nasiąkać soak
0%
szybować, gwałtownie wzrosnąć soar
0%
wyłączny, jedyny, podeszwa sole
0%
wyłącznie, jedynie solely
0%
student drugiego roku (w USA) sophomore
0%
rozsądny, solidny sound
0%
obejmować / rozpiętość, okres span
0%
wywołać, iskrzyć, iskra spark
0%
określić, sprecyzować specify
0%
okaz, próbka specimen
0%
widz spectator
0%
złośliwość, uraza spite
0%
zepsuć, rozpieszczać spoil
0%
rzecznik(mężczyzna) spokesman
0%
rzecznik prasowy(ogólnie) spokesperson
0%
rzeczniczka(kobieta) spokeswoman
0%
małżonek, małżonka spouse
0%
oddział, drużyna squad
0%
ściskać, wyciskać squeeze
0%
pchnąć nożem, dźgnąć stab
0%
stoisko, stragan stall
0%
stanowisko, postawa (wobec jakiejś kwestii) stance
0%
surowy, bezwzględny, wyraźny stark
0%
stopniowo, równomiernie, stale steadily
0%
łodyga, trzon, trzpień / wywodzić się (z), powstrzymywać(przepływ czegoś) stem
0%
mieszać (np. łyżką), poruszyć, wywołać stir
0%
przechowywanie, magazynowanie storage
0%
prosty, jasny, bezpośredni straightforward
0%
napięcie, obciążenie, wysiłek, szczep (np. wirusa) strain
0%
kosmyk, nić, splot, wątek strand
0%
wzmocnić strengthen
0%
surowo, ściśle strictly
0%
uderzający, robiący wrażenie striking
0%
pas, pasek, skrawek, zdejmować (ubranie), pozbawiać, zdzierać strip
0%
dążyć, starać się strive
0%
udar, cios, pociągnięcie (pędzla) stroke
0%
potknąć się, zataczać się stumble
0%
oszołomić, ogłuszyć stun
0%
kolejny, następny subsequent
0%
następnie, później subsequently
0%
dotacja, subwencja subsidy
0%
znaczny, solidny substantial
0%
znacznie substantially
0%
zastępca, zamiennik / zastępować substitute
0%
podmiejski suburban
0%
kolejny, następujący po sobie successive
0%
następca successor
0%
pozwać do sądu sue
0%
apartament, pakiet (np. programów) suite
0%
znakomity superb
0%
nadzorca, kierownik, nadinspektor superintendent
0%
nadrzędny, lepszy superior
0%
wspierający supportive
0%
rzekomo, ponoć supposedly
0%
gwałtowny wzrost, przypływ / gwałtownie wzrosnąć surge
0%
nadwyżka surplus
0%
inwigilacja, nadzór surveillance
0%
ocalały / ocalała survivor
0%
zawieszenie suspension
0%
podejrzenie suspicion
0%
podtrzymywać, znosić (np. obrażenia) sustain
0%
zrównoważony sustainable
0%
połykać swallow
0%
huśtać się, machnąć / huśtawka, zamach swing
0%
współczujący, życzliwy sympathetic
0%
Nie znaleziono quizów pasujących do podanych kryteriów
Rozkład punktacji
Procent ludzi z każdym wynikiem
Percentyl według liczby udzielonych odpowiedzi
Twoja historia wyników
Nie rozwiązałeś tego quizu